MARC

LEADER 00000nam0a2200000 4500
001 272351
005 20231101234527.0
035 |a (RuTPU)RU\TPU\book\295557 
090 |a 272351 
100 |a 20141017d1987 km y0rusy50 ca 
101 0 |a rus 
102 |a BY 
105 |a a z 001zy 
200 1 |a Гормоны и старение. Стероидные гормоны и геном клетки  |f Е. Ф. Конопля, Г. Л. Лукша 
210 |a Минск  |c Наука и техника  |d 1987 
215 |a 143 с.  |c ил. 
320 |a Библиогр.: с. 117-141 
320 |a Сокращения: с. 5-6 
606 1 |a Старение и старость  |x Медицина  |2 stltpush  |3 (RuTPU)RU\TPU\subj\56812  |9 74702 
606 1 |a Гормоны  |x Биохимия  |2 stltpush  |3 (RuTPU)RU\TPU\subj\7446  |9 35100 
610 1 |a стероидные гормоны 
610 1 |a клеточные ядра 
610 1 |a взаимодействие 
610 1 |a стареющие организмы 
610 1 |a стероид-рецепторные комплексы 
610 1 |a акцепция 
610 1 |a хроматин 
610 1 |a возрастные изменения 
610 1 |a гормональная регуляция 
675 |a 612.6  |v 4 
675 |a 577.15/.19  |v 4 
700 1 |a Конопля  |b Е. Ф.  |g Евгений Федорович 
701 1 |a Лукша  |b Г. Л.  |g Галина Леонидовна 
801 1 |a RU  |b 63413507  |c 20141017 
801 2 |a RU  |b 63413507  |c 20180531  |g RCR 
942 |c BK